- Mercado, Alejandro,
Entry Nombre Personal
001 - NUMERO DE CONTROL
- campo de control: 45166
003 - IDENTIFICADOR DE NUMERO DE CONTROL
- campo de control: DLC
005 - FECHA Y HORA DE LA ÜLTIMA TRANSACCIÓN
- campo de control: 20220816084309.0
008 - DATOS DE LONGITUD FIJA
- campo de control de longitud fija: 220816n| acannaabn |a aaa c
010 ## - NÚMERO DE CONTROL DE LA BIBLIOTECA DEL CONGRESO
- Número de control LC: no2005009309
035 ## - NUMERO DE CONTROL
- Número de control: (OCoLC)oca06548985
040 ## - FUENTE DE CATALOGACIÓN
- Agencia original de catalogación: CLU
- Lenguaje de catalogación: spa
- Agencia de transcripción: CLU
- Agencia que lo modifica: DLC
- Agencia que lo modifica: MX-MxUPN
046 ## - FECHAS CON CODIFICACIÓN ESPECIAL
- Fecha de nacimiento: 19620711
100 1# - ENCABEZAMIENTO - NOMBRE PERSONAL
- Nombre personal: Mercado, Alejandro,
- Fechas asociadas con el nombre: 1962-
373 ## - GRUPO ASOCIADO
- Associated group: Universidad Nacional Autónoma de México. Centro de Investigación sobre América del Norte
374 ## - OCUPACIÓN
- Occupation: Profesor universitario
400 1# - VEÁSE - NOMBRE DE PERSONA
- Personal name: Mercado Celis, Alejandro,
- Dates associated with a name: 1962-
400 1# - VEÁSE - NOMBRE DE PERSONA
- Personal name: Celis, Alejandro Mercado,
- Dates associated with a name: 1962-
670 ## - FUENTE EN LA QUE SE LOCALIZARON DATOS
- Cita de la fuente: Worlds of production and economic practices in the industrial district of Tlaquepaque and Tonala, Mexico, 2004:
- Información localizada: portada (Alejandro Mercado; Ph. D. in urban planning, Univ. of Calif., Los Angeles) currículum vitae (b. July 11, 1962 in Mexico City, Mex.; Assoc. Prof., UNAM, Cento de Investigación sobre América del Norte)
670 ## - FUENTE EN LA QUE SE LOCALIZARON DATOS
- Cita de la fuente: Fronteras en América del Norte, 2004:
- Información localizada: portada (Alejandro Mercado Celis)
902 ## - CATALOGADOR
- Catalogador: NDAF/160822
